kku e-library facility

A Guide to Freshwater Aquarium Fishes (Record no. 153)

MARC details
000 -LEADER
fixed length control field 00390nam a22001337a 4500
005 - DATE AND TIME OF LATEST TRANSACTION
control field 20260212100728.0
008 - FIXED-LENGTH DATA ELEMENTS--GENERAL INFORMATION
fixed length control field 260212b |||||||| |||| 00| 0 eng d
020 ## - INTERNATIONAL STANDARD BOOK NUMBER
International Standard Book Number 0600339165
100 ## - MAIN ENTRY--PERSONAL NAME
Personal name Hervey F. George
245 ## - TITLE STATEMENT
Title A Guide to Freshwater Aquarium Fishes
Statement of responsibility, etc. /George F. Hervey
260 ## - PUBLICATION, DISTRIBUTION, ETC.
Place of publication, distribution, etc. London;
Name of publisher, distributor, etc. Hamlyn Publishing Group Limited;
Date of publication, distribution, etc. 1973
300 ## - PHYSICAL DESCRIPTION
Extent 176p,ill;
Dimensions 25cm
942 ## - ADDED ENTRY ELEMENTS (KOHA)
Source of classification or shelving scheme Dewey Decimal Classification
Koha item type Books
Suppress in OPAC No

No items available.

©2025 All rights reserved. KKU